000 00972nam a2200253Ia 4500
003 OSt
005 20220923212826.0
006 a|||||r|||| 00| 0
007 ta
008 220922b |||||||| |||| 00| 0 hin d
024 _a156,132
037 _cTextual
040 _aARTS
_cARTS
_bhin
041 _2hin
_ahin
082 _aO152a47,12,N, M3
100 _aगुप्ता, शमशेर
245 0 _aहिन्दी साहित्य में संदर्भ ग्रंथों की परम्परा एवं प्रयोग
246 _aHindī sāhitya mean sandarbha granthoan kī paramparā evan prayoga
260 _aनई दिल्ली
_b इतिहास शोध संस्थान
_c1983
300 _a179 पृ.
_ccm.
650 _aहिन्दी साहित्य
_9156264
942 _hO152a47,12,N, M3
_cTEXL
_2CC
999 _c311453
_d311453